000 00965cab a2200217 4500
001 ABS40837
008 090401t1989 xxu||||| |||| 00| 0 eng d
035 _a(Sirsi) u26275
041 _aeng
100 _aCollinson, I.
245 _aUnitary Development Plans
260 _c1989
350 _a0
490 _aEstates Gazette
_v(8918) 6 May 1989, 24-64(3)
520 _aExplains the new system of Unitary Development Plans , which is expected to operate for a 10-year period and will supersede all existing plans, whether prepared at district or county level. Reviews current procedure for adoption of UDPs. Reports on progress made by the metropolitan areas, some of whom have been issued with formal strategic guidance and commencement orders. Summarises the key points of the draft strategic guidance for Greater London .
650 _aPLANNING GAIN
690 _aPLANNING LAW AND PRACTICE
700 _aRoss, S.
942 _n0
948 _c04/03/1997
999 _c17642
_d17642